[Event "45th Olympiad 2024"]
[Site "Budapest HUN"]
[Date "2024.09.14"]
[Round "4.24"]
[Board "3"]
[White "Ticona Rocabado, Licael Roderick"]
[Black "Flores, Diego"]
[Result "0-1"]
[WhiteTitle "IM"]
[BlackTitle "GM"]
[WhiteElo "2321"]
[BlackElo "2546"]
[WhiteTeam "Bolivia"]
[BlackTeam "Argentina"]
[WhiteFideId "3319113"]
[BlackFideId "108049"]
[EventDate "2024.09.11"]

1. d4 Nf6 2. c4 c5 3. Nf3 cxd4 4. Nxd4 b6 5. Nc3 Bb7 6. Bg5 Nc6 7. e4 Qb8 8. f3
e6 9. Be3 Bc5 10. Be2 O-O 11. Nxc6 Bxc6 12. Qd2 Rd8 13. O-O Qf4 14. Nd1 d5 15.
exd5 exd5 16. Rf2 Bxe3 17. Qxe3 Qd6 18. cxd5 Nxd5 19. Qd4 Qh6 20. Bf1 Nf4 21.
Qb4 Qh4 22. a3 Qg5 23. Kh1 h5 24. Nc3 h4 25. Ne4 Qh6 26. Rd2 h3 27. g3 Qh5 28.
Qc3 Bxe4 29. fxe4 Ne6 30. Re1 Rxd2 31. Qxd2 Rd8 32. Qc2 Ng5 33. Be2 Qg6 34. Bg4
Qf6 35. e5 Qe7 36. Qf2 g6 37. Kg1 Rd5 38. Qf4 f5 39. Be2 Ne4 40. Bf1 Qc5+ 41.
Qe3 Qxe3+ 42. Rxe3 Rd1 43. Rd3 Nd2 44. Kf2 Rxf1+ 45. Ke2 Rh1 46. Kxd2 Rxh2+ 47.
Ke3 Rxb2 48. e6 Kf8 49. Rd7 Rb1 50. Rh7 Re1+ 51. Kf2 Rxe6 52. Rxa7 g5 53. g4
fxg4 54. Rh7 Re4 55. Rh6 Kg7 56. Rxb6 Re1 57. Rb7+ Kg6 58. Rb6+ Kh5 59. Rb8 Ra1
60. Rh8+ Kg6 61. Kg3 Rg1+ 62. Kh2 Rg2+ 63. Kh1 Ra2 64. a4 Kf5 65. Rf8+ Ke4 66.
Re8+ Kf3 67. Rf8+ Kg3 68. Rf1 Kh4 69. Rb1 g3 70. Rb4+ g4 71. Rb1 g2+ 72. Kg1 g3
73. Rb4+ Kg5 74. Rb5+ Kf6 75. Rb6+ Ke7 76. Re6+ Kxe6 77. a5 h2# 0-1

[Event "45th Olympiad 2024"]
[Site "Budapest HUN"]
[Date "2024.09.14"]
[Round "4.25"]
[Board "1"]
[White "Schitco, Ivan"]
[Black "Salem, A.R. Saleh"]
[Result "1-0"]
[WhiteTitle "GM"]
[BlackTitle "GM"]
[WhiteElo "2527"]
[BlackElo "2631"]
[WhiteTeam "Moldova"]
[BlackTeam "United Arab Emirates"]
[WhiteFideId "13905465"]
[BlackFideId "9301348"]
[EventDate "2024.09.11"]

1. c4 g6 2. Nc3 Nf6 3. Nf3 Bg7 4. e4 d6 5. d4 O-O 6. Be2 e5 7. O-O h6 8. Re1
Nbd7 9. dxe5 dxe5 10. Qc2 c6 11. Be3 Qe7 12. h3 Nc5 13. Rad1 Re8 14. b4 Ne6 15.
Nxe5 Qxb4 16. Nxf7 Kxf7 17. e5 Nd7 18. f4 Nxf4 19. Bxf4 Nxe5 20. Ne4 Bf5 21. Qb3
Bf8 22. Qg3 Bxe4 23. Bxe5 Qc5+ 24. Bd4 Bd6 25. Qb3 Qg5 26. Bg4 b6 27. Rxe4 Rxe4
28. c5+ Qd5 29. Qxd5+ cxd5 30. cxd6 Rd8 31. Bf3 Rxd6 32. Bxe4 dxe4 33. Kf2 1-0

[Event "45th Olympiad 2024"]
[Site "Budapest HUN"]
[Date "2024.09.14"]
[Round "4.25"]
[Board "4"]
[White "Sultan, Ibrahim"]
[Black "Iordachescu, Viorel"]
[Result "0-1"]
[WhiteTitle "IM"]
[BlackTitle "GM"]
[WhiteElo "2206"]
[BlackElo "2572"]
[WhiteTeam "United Arab Emirates"]
[BlackTeam "Moldova"]
[WhiteFideId "9301143"]
[BlackFideId "13900200"]
[EventDate "2024.09.11"]

1. d4 Nf6 2. c4 g6 3. Nc3 Bg7 4. e4 d6 5. Be2 O-O 6. Be3 c5 7. d5 e6 8. Nf3 exd5
9. cxd5 Bg4 10. Nd2 Bxe2 11. Qxe2 Na6 12. O-O Re8 13. h3 Qd7 14. Qd3 Nb4 15. Qb1
b5 16. a3 Na6 17. a4 b4 18. Ne2 Rac8 19. Rc1 Qe7 20. Ng3 Nb8 21. Nc4 Nfd7 22.
Bf4 Ne5 23. Bxe5 Bxe5 24. Nf1 Nd7 25. Nfd2 Bf4 26. b3 Ne5 27. Re1 Qf6 28. Qc2
Bxd2 29. Nxd2 h5 30. Rad1 Rc7 31. Re3 Rce7 32. Rde1 h4 33. Qc1 Qf4 34. Qc2 Qf6
35. Qc1 Qg5 36. Qc2 f5 37. exf5 gxf5 38. R3e2 Rg7 39. f3 Ree7 40. Kh1 Qf4 41.
Nf1 Kf8 42. Re3 Rgf7 43. Qe2 Ng6 44. Qa6 Rxe3 45. Rxe3 Kg7 46. a5 Qg5 47. Qxd6
Nf4 48. Qe5+ Kh7 49. Qb2 Nxd5 50. Re5 Qg7 51. Re2 Qxb2 52. Rxb2 Re7 53. Kg1 Kg6
54. Kf2 Nc3 55. Rd2 f4 56. Rd6+ Kf5 57. Rd2 c4 0-1

[Event "45th Olympiad 2024"]
[Site "Budapest HUN"]
[Date "2024.09.14"]
[Round "4.26"]
[Board "1"]
[White "Duran Vega, Sergio"]
[Black "Albornoz Cabrera, Carlos Daniel"]
[Result "0-1"]
[WhiteTitle "IM"]
[BlackTitle "GM"]
[WhiteElo "2308"]
[BlackElo "2579"]
[WhiteTeam "Costa Rica"]
[BlackTeam "Cuba"]
[WhiteFideId "6501311"]
[BlackFideId "3518736"]
[EventDate "2024.09.11"]

1. c4 e6 2. Nc3 d5 3. d4 Nf6 4. cxd5 exd5 5. Bg5 Be6 6. e3 Nbd7 7. Bd3 c6 8. Nf3
h6 9. Bf4 g5 10. Bg3 Nh5 11. Be5 Nhf6 12. Bg3 Nh5 13. Be5 Nxe5 14. Nxe5 Nf6 15.
Qc2 Bd6 16. Bf5 Qc8 17. Bxe6 Qxe6 18. Nd3 Qg4 19. f3 Qe6 20. Qe2 O-O-O 21. b4
Rhe8 22. Kd2 Nd7 23. Nc5 Qf6 24. Kc2 Nxc5 25. bxc5 Bf4 26. Nd1 Qxd4 27. Qd3 Qxa1
28. exf4 Rd7 0-1

[Event "45th Olympiad 2024"]
[Site "Budapest HUN"]
[Date "2024.09.14"]
[Round "4.27"]
[Board "1"]
[White "Xie, Felix"]
[Black "Kuybokarov, Temur"]
[Result "1-0"]
[WhiteTitle "FM"]
[BlackTitle "GM"]
[WhiteElo "2320"]
[BlackElo "2562"]
[WhiteTeam "New Zealand"]
[BlackTeam "Australia"]
[WhiteFideId "4308174"]
[BlackFideId "14203049"]
[EventDate "2024.09.11"]

1. e4 e5 2. Nf3 Nc6 3. Nc3 Nf6 4. h3 g6 5. Bc4 Bg7 6. d3 d6 7. a4 O-O 8. O-O h6
9. Re1 Na5 10. Ba2 c5 11. Nd5 Nc6 12. Ne3 Kh8 13. c3 Nh7 14. Nd5 Be6 15. Bd2 Qd7
16. Kh2 f5 17. b4 Qf7 18. b5 Nd8 19. Nh4 Bf6 20. exf5 gxf5 21. Nxf6 Qxf6 22. Qh5
Kg7 23. d4 Bd7 24. dxe5 dxe5 25. g3 Nf7 26. Bd5 Nd6 27. Rxe5 Ng5 28. Re7+ Qxe7
29. Qg6+ Kh8 30. Qxh6+ Qh7 31. Ng6# 1-0

[Event "45th Olympiad 2024"]
[Site "Budapest HUN"]
[Date "2024.09.14"]
[Round "4.27"]
[Board "3"]
[White "Croad, Nicolas"]
[Black "Sardana, Rishi"]
[Result "0-1"]
[WhiteTitle "FM"]
[BlackTitle "IM"]
[WhiteElo "2195"]
[BlackElo "2477"]
[WhiteTeam "New Zealand"]
[BlackTeam "Australia"]
[WhiteFideId "4300793"]
[BlackFideId "25004301"]
[EventDate "2024.09.11"]

1. d4 Nf6 2. c4 e6 3. Nc3 Bb4 4. e3 O-O 5. Bd3 d5 6. Ne2 Re8 7. O-O b6 8. a3 Bd6
9. e4 dxe4 10. Nxe4 Nxe4 11. Bxe4 Bxh2+ 12. Kxh2 Qh4+ 13. Kg1 Qxe4 14. Re1 Nc6
15. f3 Qh4 16. Bf4 Ba6 17. Bg3 Qg5 18. Qa4 Bb7 19. Rad1 Ne7 20. Bf4 Qg6 21. Kf2
Nf5 22. Rh1 c5 23. Rh3 cxd4 24. g4 Ne3 25. Rxd4 e5 26. Bxe3 exd4 27. Nxd4 Qd3
28. f4 Rxe3 0-1

[Event "45th Olympiad 2024"]
[Site "Budapest HUN"]
[Date "2024.09.14"]
[Round "4.29"]
[Board "1"]
[White "Barrish, Daniel"]
[Black "Supi, Luis Paulo"]
[Result "1-0"]
[WhiteTitle "FM"]
[BlackTitle "GM"]
[WhiteElo "2281"]
[BlackElo "2570"]
[WhiteTeam "South Africa"]
[BlackTeam "Brazil"]
[WhiteFideId "14304600"]
[BlackFideId "2106388"]
[EventDate "2024.09.11"]

1. d4 d5 2. c4 e6 3. Nc3 a6 4. cxd5 exd5 5. Bf4 Nf6 6. e3 Bd6 7. Bg5 c6 8. Bd3
Nbd7 9. Nf3 O-O 10. O-O Re8 11. Qc2 Be7 12. h3 Nf8 13. Bf4 Ng6 14. Rfe1 Bd6 15.
Bg5 Be6 16. e4 dxe4 17. Nxe4 Be7 18. Nc5 Bxc5 19. dxc5 h6 20. Bxh6 gxh6 21. Bxg6
Bd5 22. Rxe8+ Qxe8 23. Qc3 Ne4 24. Bxe4 Qxe4 25. Re1 Qg6 26. a3 Kh7 27. Nh4 Qg5
28. g3 Rg8 29. Qd3+ Kh8 30. Qd4+ Kh7 31. Kh2 Be6 32. Qd3+ Kh8 33. Qd4+ Kh7 34.
Qd3+ Kh8 35. Qc3+ Kh7 36. Re5 Qf6 37. Qd3+ Kh8 38. Qe3 Rd8 39. Ng2 Rd1 40. Nf4
Bd5 41. Nxd5 cxd5 42. Qe2 Rd4 43. Kg2 a5 44. Qe3 Rd1 45. Re8+ Kg7 46. Qe7 Qxb2
47. Qf8+ Kg6 48. Rd8 Qg7 49. Rd6+ Kh7 50. Qe8 Rd2 51. h4 a4 52. Qe3 Rd4 53. Qf3
Qf8 54. Qf5+ Kg8 55. Qf6 Re4 56. Rxd5 Re6 57. Qd4 Re8 58. Qxa4 Qe7 59. Qd4 Rc8
60. Qg4+ Kh7 61. Qf5+ Kg7 62. Rd7 Qe8 63. Rxb7 Qc6+ 64. Qf3 Qxf3+ 65. Kxf3 Rxc5
66. Rb3 1-0

[Event "45th Olympiad 2024"]
[Site "Budapest HUN"]
[Date "2024.09.14"]
[Round "4.30"]
[Board "1"]
[White "Arab, Adlane"]
[Black "Makhnev, Denis"]
[Result "1/2-1/2"]
[WhiteTitle "IM"]
[BlackTitle "GM"]
[WhiteElo "2477"]
[BlackElo "2551"]
[WhiteTeam "Algeria"]
[BlackTeam "Kazakhstan"]
[WhiteFideId "7900872"]
[BlackFideId "13707647"]
[EventDate "2024.09.11"]

1. d4 Nf6 2. c4 e6 3. g3 d5 4. Nf3 Be7 5. Bg2 O-O 6. O-O a5 7. Nc3 c6 8. Qc2 b6
9. Rd1 Ba6 10. Ne5 Nfd7 11. Nxd7 Nxd7 12. cxd5 cxd5 13. e4 Nf6 14. exd5 Nxd5 15.
Nxd5 exd5 16. Bf4 Rc8 17. Qf5 Bc4 18. Qg4 Re8 19. b3 Ba6 20. Qf5 Bf6 21. Rac1
Rxc1 22. Rxc1 g6 23. Qxd5 Bxd4 24. Qxd8 Rxd8 25. Bf1 Bxf1 26. Kxf1 Bc5 27. Ke2
Kg7 28. Be3 Re8 29. Rc3 Kf6 30. Kf3 Bxe3 31. Rc6+ Ke5 32. fxe3 Re6 33. Rc7 Rf6+
34. Ke2 Kd6 35. Rc4 Rf5 36. Rd4+ Rd5 37. Rh4 h5 38. Rf4 Ke6 39. Rc4 Kd6 40. Rf4
Ke6 41. Rc4 Kd6 1/2-1/2

[Event "45th Olympiad 2024"]
[Site "Budapest HUN"]
[Date "2024.09.14"]
[Round "4.31"]
[Board "1"]
[White "Mandizha, Farai"]
[Black "Garcia Pantoja, Roberto"]
[Result "0-1"]
[WhiteTitle "IM"]
[BlackTitle "GM"]
[WhiteElo "2371"]
[BlackElo "2550"]
[WhiteTeam "Zimbabwe"]
[BlackTeam "Colombia"]
[WhiteFideId "11000430"]
[BlackFideId "3509265"]
[EventDate "2024.09.11"]

1. d4 d5 2. Nf3 Nf6 3. g3 c6 4. Bg2 Bf5 5. Nh4 Be4 6. f3 Bg6 7. O-O e6 8. Nxg6
hxg6 9. e4 Be7 10. c3 c5 11. Be3 Nc6 12. dxc5 dxe4 13. Qe2 Nd5 14. Bf2 e3 15.
Bxe3 Nxe3 16. Qxe3 Qd5 17. b4 Nxb4 18. cxb4 Bf6 19. Nc3 Qd4 20. Qxd4 Bxd4+ 21.
Kh1 Bxc3 22. Rab1 O-O-O 23. Rb3 Bd2 24. f4 Rd4 25. b5 b6 26. cxb6 axb6 27. Rd1
Rhd8 28. Bf3 Kc7 29. Kg2 Bb4 30. Rxd4 Rxd4 31. Rb2 Kd6 32. Bc6 Bc5 33. Be8 Ke7
34. Bc6 Rd3 35. Rc2 Ra3 36. Rd2 Bd6 37. Re2 Rd3 38. Be4 Rd4 39. Bc6 Kf6 40. Be8
Bc5 41. h4 Rd3 42. Bc6 Ke7 43. Be4 Rd4 44. Bc6 f5 45. Bb7 Rd3 46. Bc8 Be3 47.
Kf3 Bd4+ 48. Kg2 e5 49. fxe5 Rc3 50. Bb7 Ke6 51. Bf3 Bxe5 52. Rd2 Kf6 53. Re2
Rc5 54. Bc6 g5 55. hxg5+ Kxg5 56. Bd7 g6 57. a4 Kf6 58. g4 fxg4 59. Bxg4 Rc4 60.
Bf3 Rxa4 61. Bc6 Rb4 62. Re4 Rb3 63. Rc4 g5 64. Bd7 Ke7 65. Bc6 Bf4 66. Re4+ Kd6
67. Rc4 Ke5 68. Re4+ Kf5 69. Re8 Rb2+ 70. Kf1 Be5 71. Rf8+ Bf6 72. Bd7+ Kg6 73.
Be8+ Kf5 74. Bd7+ Ke5 75. Rb8 Rd2 76. Bc6 Bd8 77. Rb7 Ke6 78. Bf3 Kf5 79. Bc6
Rb2 80. Rb8 Bc7 81. Rb7 Bd8 82. Rb8 Rd2 83. Rb7 Rh2 84. Rb8 Bc7 85. Rf8+ Ke5 86.
Rf2 Rh4 87. Re2+ Kd4 88. Rd2+ Kc3 89. Rd7 Be5 90. Rd5 Bf4 91. Rf5 Kc4 92. Rf6
Rh2 93. Rf5 Rb2 94. Bd7 Be3 95. Bc6 g4 96. Re5 Kd3 97. Re8 Rf2+ 98. Kg1 g3 99.
Re4 Rh2+ 100. Kf1 0-1

[Event "45th Olympiad 2024"]
[Site "Budapest HUN"]
[Date "2024.09.14"]
[Round "4.33"]
[Board "1"]
[White "Henriquez Villagra, Cristobal"]
[Black "Santos Flores, Alberto"]
[Result "1-0"]
[WhiteTitle "GM"]
[BlackTitle "IM"]
[WhiteElo "2604"]
[BlackElo "2168"]
[WhiteTeam "Chile"]
[BlackTeam "Ecuador"]
[WhiteFideId "3409350"]
[BlackFideId "3601234"]
[EventDate "2024.09.11"]

1. e4 e6 2. d4 d5 3. e5 c5 4. c3 Qb6 5. Nf3 Nc6 6. Bd3 cxd4 7. O-O Bd7 8. Re1 a6
9. Nbd2 dxc3 10. bxc3 Bc5 11. Qe2 Na5 12. Rb1 Qa7 13. Nd4 Ne7 14. N2b3 Nxb3 15.
Nxb3 Bb6 16. Ba3 Ng6 17. g3 Ba4 18. h4 Bxb3 19. axb3 Bc5 20. b4 Bb6 21. Rb3 Ne7
22. b5 a5 23. Qg4 Kf8 24. Bxe7+ Kxe7 25. Qxg7 Rag8 26. Qf6+ Ke8 27. Kf1 Qb8 28.
c4 d4 29. c5 Bxc5 30. b6 h5 31. Rc1 Be7 32. Qf3 Bd8 33. Rc7 Rg7 34. Rxb7 Qxe5
35. Qc6+ Kf8 36. Rd7 Qb8 37. Qc5+ 1-0

[Event "45th Olympiad 2024"]
[Site "Budapest HUN"]
[Date "2024.09.14"]
[Round "4.33"]
[Board "4"]
[White "Munoz Sanchez, Miguel"]
[Black "Lopez Silva, Hugo"]
[Result "1/2-1/2"]
[WhiteTitle "IM"]
[BlackTitle "IM"]
[WhiteElo "2181"]
[BlackElo "2379"]
[WhiteTeam "Ecuador"]
[BlackTeam "Chile"]
[WhiteFideId "3600734"]
[BlackFideId "3403874"]
[EventDate "2024.09.11"]

1. e4 e5 2. Nf3 Nc6 3. d4 exd4 4. Nxd4 Bc5 5. Nb3 Bb6 6. Nc3 Nge7 7. Qe2 O-O 8.
Be3 f5 9. exf5 Bxe3 10. Qxe3 Nxf5 11. Qd2 a5 12. a4 d6 13. O-O-O Be6 14. f4 Kh8
15. g4 Bxb3 16. cxb3 Nfd4 17. Bc4 Qh4 18. h3 Rae8 19. Kb1 Nf3 20. Qc1 Ncd4 21.
Bd5 Qg3 22. f5 Re5 23. Rd3 Rfe8 24. Bxf3 Nxf3 25. Ka2 Qg2 26. f6 gxf6 27. Qf4
Ne1 28. Rxe1 Rxe1 29. Qxf6+ Kg8 30. Rf3 R1e6 31. Qf7+ Kh8 32. Nd5 Qc2 33. Nxc7
Re1 34. Qf6+ Kg8 35. Qf7+ Kh8 36. Qf6+ 1/2-1/2

[Event "45th Olympiad 2024"]
[Site "Budapest HUN"]
[Date "2024.09.14"]
[Round "4.34"]
[Board "1"]
[White "Berend, Fred"]
[Black "Fawzy, Adham"]
[Result "1-0"]
[WhiteTitle "IM"]
[BlackTitle "GM"]
[WhiteElo "2230"]
[BlackElo "2507"]
[WhiteTeam "Luxembourg"]
[BlackTeam "Egypt"]
[WhiteFideId "4000102"]
[BlackFideId "10613129"]
[EventDate "2024.09.11"]

1. e4 c5 2. Nf3 Nc6 3. Bb5 g6 4. O-O Bg7 5. c3 Nf6 6. Re1 O-O 7. h3 e5 8. d4
exd4 9. cxd4 d5 10. e5 Ne4 11. Bxc6 bxc6 12. dxc5 Nxc5 13. Qc2 Ne6 14. Qxc6 Rb8
15. Nbd2 Bb7 16. Qa4 d4 17. b3 Nc5 18. Qc4 Rc8 19. Ba3 Ne6 20. Qb5 Bc6 21. Qa6
Re8 22. Rac1 Qd7 23. Qd3 Nf4 24. Qxd4 Qxd4 25. Nxd4 Bxg2 26. Rxc8 Rxc8 27. Kh2
Bd5 28. Bd6 Nd3 29. Re2 Bh6 30. Ne4 Bf4+ 31. Ng3 h5 32. h4 g5 33. Nf5 Rc1 34.
Ne7+ Kh7 35. Nxd5 gxh4 36. Nxf4 Nxf4 37. Re4 hxg3+ 38. Kxg3 Ne6 39. Ra4 Rg1+ 40.
Kh2 Rg7 41. Be7 a5 42. Kh1 Kg6 43. Bf6 Rg8 44. Rxa5 Nf4 45. Bh4 Rc8 46. Bg3 Nd3
47. Kg2 Rc3 48. Ra4 Kg5 49. Rc4 Ne1+ 50. Kf1 Rxc4 51. bxc4 Nf3 52. Kg2 Kg4 53.
c5 Nd4 54. f3+ Kf5 55. a4 h4 56. Bh2 h3+ 57. Kf2 Ke6 58. f4 Kd5 59. Kg3 Ne6 60.
Kxh3 Nxc5 61. a5 Ke6 62. Kg4 f5+ 63. Kg5 Na6 64. Bg1 Nc7 65. Bb6 Nd5 66. Bd8 Nb4
67. Bc7 Nd5 68. Bd6 Nc3 69. a6 Nb5 70. Bb8 1-0

[Event "45th Olympiad 2024"]
[Site "Budapest HUN"]
[Date "2024.09.14"]
[Round "4.40"]
[Board "2"]
[White "Vazquez, Facundo"]
[Black "Elbilia, Jacques"]
[Result "1/2-1/2"]
[WhiteTitle "FM"]
[BlackTitle "FM"]
[WhiteElo "2388"]
[BlackElo "2343"]
[WhiteTeam "Uruguay"]
[BlackTeam "Morocco"]
[WhiteFideId "3007669"]
[BlackFideId "9000127"]
[EventDate "2024.09.11"]

1. d4 Nf6 2. c4 e6 3. Nc3 d5 4. cxd5 exd5 5. Bg5 Bb4 6. e3 h6 7. Bh4 Bf5 8. Qa4+
Nc6 9. Bb5 O-O 10. Ne2 Qd6 11. O-O Bxc3 12. Nxc3 Ne7 13. Qb3 c6 14. Be2 g5 15.
Bg3 Qd7 16. Qa3 Bg6 17. Qd6 Qxd6 18. Bxd6 Rfe8 19. h3 a5 20. Rfc1 Ne4 21. Nxe4
Bxe4 22. a4 Nc8 23. Bc5 Bf5 24. Rc3 Bd7 25. Rac1 Kg7 26. Kf1 Kg6 27. Ke1 f5 28.
Kd2 Rb8 29. Rb3 b6 30. Ba6 b5 31. Bxc8 Rexc8 32. Bd6 Rb7 33. Rc5 Kf7 34. axb5
Rxb5 35. Kc3 Ke6 36. Bg3 Ra8 37. h4 Ra6 38. hxg5 hxg5 39. Ra3 a4 40. Bc7 Ra7 41.
Bd8 g4 42. b4 Rb8 43. Ba5 Rh8 44. Ra1 Rh2 45. Rg1 Kd6 46. Bd8 Rh8 47. Bf6 Rha8
48. Ra1 Bc8 49. Be5+ Kd7 50. Ra3 Ba6 51. Rxa4 Bb5 52. Rxa7+ Rxa7 53. Kb2 Ra4 54.
Rc3 1/2-1/2

[Event "45th Olympiad 2024"]
[Site "Budapest HUN"]
[Date "2024.09.14"]
[Round "4.49"]
[Board "1"]
[White "Keinanen, Toivo"]
[Black "Wu, Li"]
[Result "1/2-1/2"]
[WhiteTitle "IM"]
[BlackTitle "FM"]
[WhiteElo "2554"]
[BlackElo "2325"]
[WhiteTeam "Finland"]
[BlackTeam "Isle of Man"]
[WhiteFideId "509825"]
[BlackFideId "411086"]
[EventDate "2024.09.11"]

1. c4 e6 2. g3 d5 3. Bg2 d4 4. d3 c5 5. e3 Nc6 6. f4 Qa5+ 7. Bd2 Qb6 8. Qb3 Bd6
9. Na3 Qxb3 10. axb3 dxe3 11. Bxe3 Nge7 12. Nb5 Kd7 13. Nf3 f6 14. O-O Nf5 15.
Bf2 Rd8 16. Rfd1 a6 17. Nxd6 Kxd6 18. Nd2 Nfd4 19. Ne4+ Kc7 20. Nxc5 b6 21. Na4
Bb7 22. Re1 Rd6 23. c5 bxc5 24. Nxc5 e5 25. Rac1 Rc8 26. fxe5 fxe5 27. Bxd4 exd4
28. Nxb7 Kxb7 29. Re7+ Rc7 30. Rxc6 Rxc6 31. Bxc6+ Kxc6 32. Rxc7+ Kxc7 33. Kf2
Kc6 34. Kf3 Kc5 35. Ke4 a5 36. Ke5 Kb4 37. Kxd4 Kxb3 38. Kc5 Kxb2 39. d4 a4 40.
d5 a3 41. d6 a2 42. d7 a1=Q 43. d8=Q Qc1+ 44. Kd6 Qd2+ 45. Ke7 Qxh2 46. Qd4+ Kc2
47. Qxg7 Kd3 48. Qg5 Ke2 49. Kf7 Kf3 50. Kg7 Qxg3 51. Qxg3+ Kxg3 52. Kxh7 1/2-1/2

[Event "45th Olympiad 2024"]
[Site "Budapest HUN"]
[Date "2024.09.14"]
[Round "4.64"]
[Board "3"]
[White "Antoniou, Rafail"]
[Black "Hussain, Nimal"]
[Result "1-0"]
[WhiteTitle "CM"]
[WhiteElo "2007"]
[BlackElo "1805"]
[WhiteTeam "Cyprus"]
[BlackTeam "Maldives"]
[WhiteFideId "5904390"]
[BlackFideId "16700309"]
[EventDate "2024.09.11"]

1. c4 e5 2. g3 Nf6 3. Bg2 Bc5 4. Nc3 O-O 5. Nf3 d6 6. d4 exd4 7. Nxd4 c6 8. O-O
h6 9. Na4 Bxd4 10. Qxd4 Be6 11. Rd1 Qa5 12. Nc3 Qc5 13. Qxd6 Qxd6 14. Rxd6 Bxc4
15. Bxh6 Ne8 16. Rd4 Bxe2 17. Bxg7 Nxg7 18. Nxe2 Na6 19. h4 Rad8 20. Rad1 Ne6
21. Rxd8 Rxd8 22. Rxd8+ Nxd8 23. Be4 Nc5 24. Bc2 Nde6 25. g4 f6 26. b4 Nd7 27.
Bb3 Kf7 28. Nf4 Nf8 29. Nxe6 Nxe6 30. f4 Ke7 31. Bxe6 Kxe6 32. f5+ Kf7 33. Kf2
b6 34. Ke3 Ke7 35. g5 Kf7 36. a4 Kg7 37. Ke4 Kf7 38. gxf6 Kxf6 39. h5 Kg5 40.
Ke5 Kxh5 41. f6 1-0

[Event "45th Olympiad 2024"]
[Site "Budapest HUN"]
[Date "2024.09.14"]
[Round "4.65"]
[Board "3"]
[White "Abdel Wahab, Ahmad"]
[Black "Sandiford, Keron"]
[Result "1-0"]
[WhiteElo "1995"]
[BlackElo "1755"]
[WhiteTeam "Palestine"]
[BlackTeam "Guyana"]
[WhiteFideId "11500719"]
[BlackFideId "19701276"]
[EventDate "2024.09.11"]

1. d4 Nf6 2. c4 e6 3. Nc3 Bb4 4. e3 O-O 5. Bd3 c5 6. Ne2 cxd4 7. exd4 d5 8. cxd5
exd5 9. O-O h6 10. a3 Ba5 11. b4 Bb6 12. Na4 Bc7 13. Qc2 Bd6 14. h3 b6 15. Be3
Ba6 16. b5 Bc8 17. Rfc1 Be6 18. Qb2 Qe7 19. Bf4 Rc8 20. Rxc8+ Bxc8 21. Rc1 Be6
22. Bxd6 Qxd6 23. Nac3 Nbd7 24. Na2 Nf8 25. Rc6 Qd8 26. Qc2 Rc8 27. Nb4 Rxc6 28.
bxc6 Ne8 29. f4 Bc8 30. Qa2 a5 31. Qxd5 Ne6 32. Qxd8 Nxd8 33. Nd5 Be6 34. c7 Nc6
35. f5 Bc8 36. Nxb6 Na7 37. Nxc8 Nxc8 38. Ba6 Ned6 39. Bxc8 Nxc8 40. Nc3 Kf8 41.
Nb5 Ke7 42. d5 Kd7 43. d6 a4 44. Kf2 Kc6 45. Ke3 g6 46. Ke4 Kd7 47. fxg6 fxg6
48. Kd5 Nb6+ 49. Kc5 1-0

[Event "45th Olympiad 2024"]
[Site "Budapest HUN"]
[Date "2024.09.14"]
[Round "4.78"]
[Board "4"]
[White "Farisse, Joao"]
[Black "Tracey, Shaun M"]
[Result "1/2-1/2"]
[WhiteElo "1851"]
[BlackElo "1684"]
[WhiteTeam "Mozambique"]
[BlackTeam "Cayman Islands"]
[WhiteFideId "14800730"]
[BlackFideId "419052"]
[EventDate "2024.09.11"]

1. c4 e6 2. d4 f5 3. Nc3 Nf6 4. g3 d5 5. Bg2 c6 6. Nf3 Bd6 7. Qc2 O-O 8. c5 Bc7
9. b4 Ne4 10. h4 Nd7 11. Bf4 Ndf6 12. Ne5 a5 13. O-O axb4 14. Nxe4 dxe4 15. Rfd1
Nd5 16. Bg5 Qe8 17. f3 h6 18. Bc1 Bxe5 19. dxe5 exf3 20. exf3 Qe7 21. Rd4 Ra5
22. Rc4 Bd7 23. Bd2 Rfa8 24. Kh2 Rb5 25. Rb1 Raa5 26. f4 Ra7 27. Rb2 Be8 28. Qc1
Ra4 29. Qd1 Rba5 30. Bxd5 cxd5 31. Rcxb4 Bc6 32. Rxa4 Rxa4 33. Bb4 Qd7 34. Qd4
Qe8 35. a3 Qh5 36. Rf2 Kf7 37. Kg2 Qg4 38. Rd2 Ra8 39. Kf2 Qh3 40. Kf3 Qf1+ 1/2-1/2

[Event "45th Olympiad 2024"]
[Site "Budapest HUN"]
[Date "2024.09.15"]
[Round "5.1"]
[Board "1"]
[White "Gukesh, D"]
[Black "Suleymanli, Aydin"]
[Result "1-0"]
[WhiteTitle "GM"]
[BlackTitle "GM"]
[WhiteElo "2764"]
[BlackElo "2632"]
[WhiteTeam "India"]
[BlackTeam "Azerbaijan"]
[WhiteFideId "46616543"]
[BlackFideId "13413937"]
[EventDate "2024.09.11"]

1. e4 e5 2. Nf3 Nc6 3. Bc4 Nf6 4. d3 Bc5 5. Bg5 h6 6. Bh4 g5 7. Bg3 d6 8. c3 a5
9. Nbd2 Ba7 10. a3 Nh5 11. Nxe5 Nxg3 12. Bxf7+ Kf8 13. Ng6+ Kg7 14. fxg3 Kxf7
15. Nxh8+ Qxh8 16. d4 Kg7 17. O-O Bd7 18. Kh1 Rf8 19. Qe2 Rxf1+ 20. Rxf1 Qe8 21.
Qf3 Qe7 22. Nc4 Be6 23. Ne3 Nd8 24. Nf5+ Bxf5 25. exf5 Qf6 26. Re1 Bb6 27. g4 c5
28. d5 c4 29. Re4 Bc5 30. a4 Ba7 31. Qe2 h5 32. Re7+ Kf8 33. Re8+ Kf7 34. gxh5
g4 35. h6 Qxf5 36. h7 Qb1+ 37. Qe1 Qxe1+ 38. Rxe1 1-0

[Event "45th Olympiad 2024"]
[Site "Budapest HUN"]
[Date "2024.09.15"]
[Round "5.1"]
[Board "2"]
[White "Abasov, Nijat"]
[Black "Praggnanandhaa, R"]
[Result "1/2-1/2"]
[WhiteTitle "GM"]
[BlackTitle "GM"]
[WhiteElo "2626"]
[BlackElo "2750"]
[WhiteTeam "Azerbaijan"]
[BlackTeam "India"]
[WhiteFideId "13402960"]
[BlackFideId "25059530"]
[EventDate "2024.09.11"]

1. d4 d5 2. Nf3 Nf6 3. Bf4 c5 4. e3 Nc6 5. Nbd2 cxd4 6. exd4 a6 7. Nb3 Bf5 8.
Bd3 Bxd3 9. Qxd3 e6 10. O-O Bd6 11. Bxd6 Qxd6 12. Rfe1 O-O 13. Ne5 Qc7 14. c3
Ne4 15. Nd2 Nxe5 16. dxe5 Nxd2 17. Qxd2 Rfc8 18. Re3 Qe7 19. Rg3 Rc4 20. Re1 b5
21. b3 Rc6 22. Qd4 Rac8 23. h4 a5 24. h5 h6 25. Ree3 b4 26. Qg4 Qf8 27. cxb4
axb4 28. Qf4 Kh8 29. Rg4 Rc1+ 30. Kh2 R1c2 31. Rf3 R8c7 32. Rg6 Qg8 33. Rxh6+
gxh6 34. Qxh6+ Qh7 1/2-1/2

[Event "45th Olympiad 2024"]
[Site "Budapest HUN"]
[Date "2024.09.15"]
[Round "5.1"]
[Board "3"]
[White "Erigaisi, Arjun"]
[Black "Mamedov, Rauf"]
[Result "1-0"]
[WhiteTitle "GM"]
[BlackTitle "GM"]
[WhiteElo "2778"]
[BlackElo "2637"]
[WhiteTeam "India"]
[BlackTeam "Azerbaijan"]
[WhiteFideId "35009192"]
[BlackFideId "13401653"]
[EventDate "2024.09.11"]

1. e4 c5 2. Nf3 d6 3. d4 cxd4 4. Nxd4 Nf6 5. Nc3 g6 6. Be3 Bg7 7. f3 Nc6 8. Qd2
O-O 9. Bc4 Nxd4 10. Bxd4 Be6 11. Bb3 Qa5 12. O-O-O b5 13. Kb1 b4 14. Nd5 Bxd5
15. exd5 Qb5 16. Qd3 Qxd3 17. Rxd3 Rfc8 18. Re1 Rc7 19. c3 a5 20. cxb4 axb4 21.
g4 Rac8 22. Rdd1 Bh6 23. h4 Bf4 24. Bb6 Rb7 25. Be3 Bxe3 26. Rxe3 Kf8 27. Ba4
Rc5 28. Bc6 Ra7 29. g5 Nd7 30. Rd4 Nb6 31. Rb3 e5 32. Rdxb4 Nxd5 33. Rb8+ Kg7
34. Bxd5 Rxd5 35. R3b7 Rxb7 36. Rxb7 Rd4 37. b4 Rxh4 38. a4 h5 39. gxh6+ Rxh6
40. a5 Rh3 41. a6 Rxf3 42. Rb5 e4 43. a7 e3 44. Kc2 1-0